History Quiz

Random History or Clickable Quiz

We Didn't Start the Fire: Historically Speaking II Quiz Stats

 Plays Quiz Updated Dec 6, 2017

Score 0/26 Timer 08:00
0 Plays Today
% Correct
Elvis Presley
96.5%
Disneyland
96.4%
Sputnik
95.8%
Rock Around the Clock
95.3%
Einstein
95.2%
James Dean
94.8%
Princess Grace
94.6%
Juan Perón
94.4%
Psycho
94%
Alabama
93.2%
Joseph Stalin
93.1%
Trouble in the Suez
93%
Davy Crockett
92.7%
% Correct
Rockefeller
92%
Dien Bien Phu falls
91.7%
Communist Bloc
90.5%
Nasser
90%
Dacron
89.9%
Khrushchev
89%
Peter Pan
88.2%
Peyton Place
86.9%
Bardot
86.5%
Roy Cohn
86.3%
Toscanini
85.4%
Prokofiev
84.5%
Campanella
64.4%

You're not logged in!

Compare scores with friends on all Sporcle quizzes.
OR
Log In

You Might Also Like...

Show Comments

Extras

Top Quizzes Today


Score Distribution

Your Account Isn't Verified!

In order to create a playlist on Sporcle, you need to verify the email address you used during registration. Go to your Sporcle Settings to finish the process.

Report this User

Report this user for behavior that violates our Community Guidelines.

Details: